| 000 | 01217nam a2200313Ia 4500 | ||
|---|---|---|---|
| 001 | ebr10243476 | ||
| 003 | CaPaEBR | ||
| 006 | m u | ||
| 007 | cr cn||||||||| | ||
| 008 | 030812s2004 enka sb 001 0 eng d | ||
| 010 | _z 2003061755 | ||
| 020 | _z0632064633 (softcover) | ||
| 020 | _z9780632064632 (softcover) | ||
| 040 |
_aCaPaEBR _cCaPaEBR |
||
| 035 | _a(OCoLC)608623126 | ||
| 050 | 1 | 4 |
_aRC394.L37 _bL428 2003eb |
| 082 | 0 | 4 |
_a616.85/8890231 _222 |
| 245 | 0 | 0 |
_aLearning disability nursing _h[electronic resource] / _cedited by John Turnbull. |
| 260 |
_aOxford, UK ; _aMalden, MA : _bBlackwell Science, _c2004. |
||
| 300 |
_axi, 202 p. : _bill. |
||
| 504 | _aIncludes bibliographical references and index. | ||
| 533 |
_aElectronic reproduction. _bPalo Alto, Calif. : _cebrary, _d2009. _nAvailable via World Wide Web. _nAccess may be limited to ebrary affiliated libraries. |
||
| 650 | 0 |
_aLearning disabilities _xNursing. |
|
| 650 | 0 | _aNurse and patient. | |
| 655 | 7 |
_aElectronic books. _2local |
|
| 700 | 1 |
_aTurnbull, John, _cRNMH. |
|
| 710 | 2 | _aebrary, Inc. | |
| 856 | 4 | 0 |
_uhttp://site.ebrary.com/lib/rucke/Doc?id=10243476 _zAn electronic book accessible through the World Wide Web; click to view |
| 999 |
_c36606 _d36606 |
||